00987 2200325 4500001002100000005001500021007000300036008004100039020001800080035002000098040001700118041000800135082001200143084001800155090002600173100003000199245009600229250001200325264005200337300003500389336002100424337003000445338002300475504002500498650002100523700004500544700004000589850001000629990002200639INLIS00000000000817320260526022605ta260526 0  a979-3479-08-6 a0010-0922000662 aSBPUPADbind07aind a658.827 a658.827 JAC m a700.598 2 ROS k L22-60 aJackie AmbadarePengarang1 aMengelola Merek /cJackie Ambadar; Penyusun ke-2, Miranty Abidin; Penyusun ke-3, Yanty Isa a.-Cet.1 a.--Jakarta :bYayasan Bina Karsa Mandiri,c2007 axii, 108 hlm :billus ;c21 cm 2rdacontentateks 2rdamediaatanpa perantara 2rdacarrieravolume aBibliografi, hlm 108 4aManajemen bisnis0 aPenyusun ke-2, Miranty AbidinePengarang0 aPenyusun ke-3, Yanty IsaePengarang aPUPAD a4932/B/ARPUS/2008